Представление документа в формате MARC21

Поле Инд. ПП Название Значение
Тип записи a
Библиографический уровень m
001 Контрольный номер b2dbf26d-bb01-4bdb-8142-1e046cb40c35
005 Дата корректировки 20140703152111.3
008 Кодируемые данные 061117
020 c Цена, тираж б/ц
040 a Служба первич. каталог. НБ ТвГУ
041 a Код языка текста rus
080 a Индекс УДК 1(470)(091)(043.3)
a Индекс УДК 2-14(043.)
a Индекс УДК 2-18(043.3)
084 a Индекс другой классификации/Индекс ББК Ю3(2)-638я031
a Индекс другой классификации/Индекс ББК Э210.0я031
a Индекс другой классификации/Индекс ББК Ю216я031
090 x Авторский знак И85
a Полочн. индекс Ю3(2)
100 1_ a Автор Исаева Виктория Викторовна
245 10 a Заглавие Византийская традиция понимания человека в русской религиозной философии
b Продолж. заглавия автореф. дис. ... канд. филос. наук : 09.00.03
c Ответственность Твер. гос. с.-х. акад., Каф. гуманит. наук
260 1_ a Место издания Тверь
c Дата издания 2006
300 a Объем 22 с.
500 a Примечание На правах рукоп.
504 a Библиография Библиогр. в конце кн. и в подстроч. примеч.
583 a Действие Получение впервые 11 31.01.2007
650 a Основная рубрика Человек
x Основная подрубрика Философия
650 a Основная рубрика Религиозная философия русская
650 a Основная рубрика Религия
650 a Основная рубрика Бог
653 a Ключевые слова Религия
a Ключевые слова Антропософия
a Ключевые слова Бытие
a Ключевые слова Личность
a Ключевые слова Философия человека
a Ключевые слова Философия религии
a Ключевые слова Человек
a Ключевые слова Экология
a Ключевые слова Авторефераты
852 t Порядковый номер экземпляра 2
p Инвентарный номер б/н
888 a Бесплатные
930 a Новая/Ретро авторефераты
952 p 11.2007 б/ц 2 б/н
c Вид литературы А/Р н
954 a Дата поступления на обработку 20070201
999 a Подразделение 2 ч.з.